000
00326nam a2200145Ia 4500
008
230718s9999 xx 000 0 und d
041
_a
Eng.
082
_a
346.06
_b
MAH-C
100
_a
Mahmoud, Shaukat
245
0
_a
Company law
260
_a
Pakistan
_b
Legal Rewaach
_c
1986
300
_a
1262
650
_a
Law
999
_c
29360
_d
29360